Грузинская литература XIX века в кинодраматургии (Запись № 6258877)

Подробности
000 -МАРКЕР
контрольное поле 01128nam0a22002891 4500
001 - ИДЕНТИФИКАТОР ЗАПИСИ
контрольное поле rc\365155
005 - ИДЕНТИФИКАТОР ВЕРСИИ
контрольное поле 20030307123513.5
010 ## - МЕЖДУНАРОДНЫЙ СТАНДАРТНЫЙ НОМЕР КНИГИ (ISBN)
Номер (ISBN) 5-520-00106-5
Тираж 1200
035 ## - ДРУГИЕ СИСТЕМНЫЕ НОМЕРА
Идентификатор записи (NLR Aleph) 005595647
100 ## - ДАННЫЕ ОБЩЕЙ ОБРАБОТКИ
Данные общей обработки 20030307d1989 u |0rusy50 ca
101 0# - ЯЗЫК РЕСУРСА
Язык текста, звукозаписи и т.д. русский
102 ## - СТРАНА ПУБЛИКАЦИИ ИЛИ ПРОИЗВОДСТВА
Страна публикации Российская Федерация
105 ## - ПОЛЕ КОДИРОВАННЫХ ДАННЫХ: ТЕКСТОВЫЕ МАТЕРИАЛЫ, МОНОГРАФИЧЕСКИЕ
Кодированные данные о монографическом текстовом документе y |||||||||
200 1# - ЗАГЛАВИЕ И СВЕДЕНИЯ ОБ ОТВЕТСТВЕННОСТИ
Основное заглавие Грузинская литература XIX века в кинодраматургии
Сведения, относящиеся к заглавию (На прим. В. Пшавела, А. Церетели, Д. Клдиашвили)
Первые сведения об ответственности АН ГССР, Ин-т груз. лит. им. Шота Руставели
210 ## - ПУБЛИКАЦИЯ, РАСПРОСТРАНЕНИЕ И ДР.
Место издания, распространения и т.д. Тбилиси
Имя издателя, распространителя и т. д. Мецниереба
Дата издания, распространения и т.д. 1989
215 ## - ФИЗИЧЕСКАЯ ХАРАКТЕРИСТИКА
Специфическое обозначение материала и объем 61, [2] с.
Размеры 22
320 ## - ПРИМЕЧАНИЯ О НАЛИЧИИ В ДОКУМЕНТЕ БИБЛИОГРАФИИ / УКАЗАТЕЛЯ
Текст примечания Библиогр.: с. 61-62 (52 назв.)
600 #0 - ИМЯ ЛИЦА КАК ПРЕДМЕТ
Начальный элемент ввода Важа Пшавела
Код системы psbo
600 #1 - ИМЯ ЛИЦА КАК ПРЕДМЕТ
Начальный элемент ввода Церетели
Часть имени, кроме начального элемента ввода А.
Расширение инициалов личного имени Акакий
Код системы psbo
600 #1 - ИМЯ ЛИЦА КАК ПРЕДМЕТ
Начальный элемент ввода Клдиашвили
Часть имени, кроме начального элемента ввода Д.С.
Расширение инициалов личного имени Давид Самсонович
Код системы psbo
700 #1 - ИМЯ ЛИЦА - ПЕРВИЧНАЯ ОТВЕТСТВЕННОСТЬ
Начальный элемент ввода Квливидзе
Часть имени, кроме начального элемента ввода Ж. Н.
Расширение инициалов личного имени Жужуна Николаевна
801 #0 - ИСТОЧНИК ЗАПИСИ
Страна Российская Федерация
Организация NLR
Правила каталогизации psbo
801 #1 - ИСТОЧНИК ЗАПИСИ
Страна Российская Федерация
Организация ELAR
Источник данных rusmarc
852 ## - МЕСТОНАХОЖДЕНИЕ И ШИФР ХРАНЕНИЯ
Идентификатор организации NLR
Шифр хранения (Call Number) 89-6/1749
942 ## - ДОПОЛНИТЕЛЬНЫЕ ЭЛЕМЕНТЫ ЗАПИСИ (АБИС)
Тип экземпляра АБИС Книга
980 ## - КОЛЛЕКЦИЯ
Название коллекции Национальная библиография
Экземпляры
Тип экземпляра Дата поступления Библиотека постоянного хранения Библиотека текущего хранения Место хранения Шифр хранения Штрих-код Статус экземпляра
Книга 26.10.2013 РНБ (Московский) РНБ (Московский) Русский книжный фонд: издания с 1957 года 89-6/1749 5595647-10